Delitos contra la asistencia familiar / (Registro nro. 5978)

Detalles MARC
000 -LEADER
fixed length control field 00929nam a2200241Ia 4500
003 - CONTROL NUMBER IDENTIFIER
control field OSt
005 - DATE AND TIME OF LATEST TRANSACTION
control field 20200806141834.0
008 - FIXED-LENGTH DATA ELEMENTS--GENERAL INFORMATION
fixed length control field 191128s1973 ck gr 001 0 spa d
040 ## - CATALOGING SOURCE
Original cataloging agency CO-JMCR
Transcribing agency CO-JMCR
041 0# - LANGUAGE CODE
Language code of text/sound track or separate title spa
082 04 - DEWEY DECIMAL CLASSIFICATION NUMBER
Classification number 364.18 /
Item number G652d
Edition number 23
100 1# - MAIN ENTRY--PERSONAL NAME
Personal name Gomez Velasquez, Gustavo,
Relator term autor
9 (RLIN) 8493
245 10 - TITLE STATEMENT
Title Delitos contra la asistencia familiar /
Statement of responsibility, etc. Gustavo Gomez Velasquez
260 ## - PUBLICATION, DISTRIBUTION, ETC.
Place of publication, distribution, etc. Medellín :
Name of publisher, distributor, etc. Saleciana,
Date of publication, distribution, etc. 1973.
300 ## - PHYSICAL DESCRIPTION
Extent 327 páginas ;
Dimensions 22 cm.
490 0# - SERIES STATEMENT
Series statement Colección Pequeño Foro
500 ## - GENERAL NOTE
General note Incluye índice del suplemento de legislación, índice alfabetico.
505 0# - FORMATTED CONTENTS NOTE
Formatted contents note Aspectos generales -- Aspectos penales sustantivos -- Asistencia moral. Aspectos generales -- Las penas. Aspectos generales critica -- Aspectos procesales
650 24 - SUBJECT ADDED ENTRY--TOPICAL TERM
Topical term or geographic name entry element Delitos contra el patrimonio
9 (RLIN) 8494
650 24 - SUBJECT ADDED ENTRY--TOPICAL TERM
Topical term or geographic name entry element Delitos contra la persona
9 (RLIN) 8297
650 24 - SUBJECT ADDED ENTRY--TOPICAL TERM
Topical term or geographic name entry element Aspectos procesales
9 (RLIN) 8495
942 ## - ADDED ENTRY ELEMENTS (KOHA)
Source of classification or shelving scheme Dewey Decimal Classification
Koha item type Books
Existencias
Withdrawn status Lost status Source of classification or shelving scheme Materials specified (bound volume or other part) Damaged status Not for loan Home library Current library Shelving location Date acquired Source of acquisition Full call number Barcode Date last seen Copy number Price effective from Koha item type
    Dewey Decimal Classification Donación--15/04/2018--     Biblioteca Pública José María del Castillo y Rada Biblioteca Pública José María del Castillo y Rada General Stacks 11/28/2019 Donación 364 .18 / G652d 430011319 05/16/2024 Ej.1 11/28/2019 Books